MARC details
| 000 -CABECERA |
| campo de control de longitud fija |
02667nam a2200289 a 4500 |
| 001 - NÚMERO DE CONTROL |
| campo de control |
991028664889706706 |
| 005 - FECHA Y HORA DE LA ÚLTIMA TRANSACCIÓN |
| campo de control |
20250321175920.0 |
| 008 - DATOS DE LONGITUD FIJA--INFORMACIÓN GENERAL |
| campo de control de longitud fija |
080117s1994 spc|||||| 000 f|spa |
| 015 ## - NÚMERO DE BIBLIOGRAFÍA NACIONAL |
| Número de bibliografía nacional |
LL2008 |
| Fuente |
bnc |
| 020 ## - NÚMERO INTERNACIONAL ESTÁNDAR DEL LIBRO |
| Número Internacional Estándar del Libro |
8447306860 |
| 035 ## - NÚMERO DE CONTROL DEL SISTEMA |
| Número de control de sistema |
(ES-BaCBU).b32282047 |
| 040 ## - FUENTE DE LA CATALOGACIÓN |
| Centro catalogador/agencia de origen |
ES-BaBC |
| Lengua de catalogación |
cat |
| Centro/agencia transcriptor |
ES-BaBC |
| 041 ## - CÓDIGO DE LENGUA |
| Código de lengua del texto/banda sonora o título independiente |
spa |
| 050 ## - SIGNATURA TOPOGRÁFICA DE LA BIBLIOTECA DEL CONGRESO |
| Número de clasificación |
PQ6666.E765 |
| Número de documento/Ítem |
C58 1993 |
| 080 ## - NÚMERO DE LA CLASIFICACIÓN DECIMAL UNIVERSAL |
| Número de la Clasificación Decimal Universal |
860-3"19" |
| 100 ## - ENTRADA PRINCIPAL--NOMBRE DE PERSONA |
| Nombre de persona |
Pérez-Reverte, Arturo |
| Fechas asociadas al nombre |
1951- |
| 9 (RLIN) |
12219 |
| Término indicativo de función/relación |
author |
| 245 13 - MENCIÓN DE TÍTULO |
| Título |
El club Dumas |
| Mención de responsabilidad, etc. |
/ Arturo Pérez-Reverte. |
| 260 ## - PUBLICACIÓN, DISTRIBUCIÓN, ETC. |
| Lugar de publicación, distribución, etc. |
Barcelona : |
| Nombre del editor, distribuidor, etc. |
RBA, |
| Fecha de publicación, distribución, etc. |
1994. |
| 300 ## - DESCRIPCIÓN FÍSICA |
| Extensión |
317 pages ; |
| Dimensiones |
20 cm |
| 490 ## - MENCIÓN DE SERIE |
| Mención de serie |
Obras maestras de la literatura contemporánea ; |
| Designación de volumen o secuencia |
11. |
| 520 ## - SUMARIO, ETC. |
| Sumario, etc. |
Lucas Corso es un detective de libros, un mercenario contratado para buscar ediciones raras para clientes adinerados y sin escrúpulos. Cuando un conocido bibliófilo aparece ahorcado, dejando tras de sí parte del manuscrito original de Los tres mosqueteros de Alexandre Dumas, Corso es convocado para autenticar el fragmento. Pronto se ve envuelto en una trama turbulenta que involucra culto al diablo, prácticas ocultistas y aventuras al estilo de capa y espada, entre un elenco de personajes que guardan una sospechosa semejanza con los de la obra maestra de Dumas.<br/><br/>Con la ayuda de una misteriosa belleza que lleva el nombre de una heroína de Conan Doyle, Corso viaja de Madrid a Toledo y luego a París, en busca de un asesino siniestro y aparentemente omnisciente.<br/><br/>Parte misterio, parte rompecabezas, parte ingenioso juego intertextual, El club Dumas es un thriller intelectual completamente original del autor de La tabla de Flandes y La piel del tambor. |
| 520 ## - SUMARIO, ETC. |
| Sumario, etc. |
Lucas Corso is a book detective, a mercenary hired to hunt down rare editions for wealthy and unscrupulous clients. When a well-known bibliophile is found hanged, leaving behind part of the original manuscript of Alexandre Dumas's The Three Musketeers, Corso is brought in to authenticate the fragment. He is soon drawn into a swirling plot involving devil worship, occult practices, and swashbuckling derring-do among a cast of characters bearing a suspicious resemblance to those of Dumas's masterpiece. Aided by a mysterious beauty named after a Conan Doyle heroine, Corso travels from Madrid to Toledo to Paris in pursuit of a sinister and seemingly omniscient killer.<br/><br/>Part mystery, part puzzle, part witty intertextual game, The Club Dumas is a wholly original intellectual thriller by the author of The Flanders Panel and The Seville Communion.<br/> |
| 650 #0 - PUNTO DE ACCESO ADICIONAL DE MATERIA--TÉRMINO DE MATERIA |
| Término de materia o nombre geográfico como elemento de entrada |
Book collectors |
| Subdivisión de forma |
Fiction |
| 9 (RLIN) |
24989 |
| 650 #0 - PUNTO DE ACCESO ADICIONAL DE MATERIA--TÉRMINO DE MATERIA |
| Término de materia o nombre geográfico como elemento de entrada |
Antiquarians |
| Subdivisión de forma |
Fiction |
| 9 (RLIN) |
24990 |
| 655 #0 - TÉRMINO DE INDIZACIÓN--GÉNERO/FORMA |
| Datos o término principal de género/forma |
Action and adventure fiction |
| 9 (RLIN) |
22721 |
| 942 ## - ELEMENTOS DE ENTRADA AGREGADA (KOHA) |
| Fuente del sistema de clasificación o colocación |
Clasificación de Library of Congress |